000 00448nam a2200193Ia 4500
003 OSt
005 20251107102203.0
008 250729s2002 xx 000 0 und d
040 _cAL
041 _aeng
082 _a574.1 MENB
100 _aMenon Vivek
_9224025
245 _aBirds & animals quiz book
260 _aNew Delhi
_c2002
300 _a128p
650 _aBiology
_9224026
700 _aSingh Ravinder
_9224027
942 _2ddc
_cBED
999 _c236204
_d236204